| 000 | 00992nas a2200337 4500 | ||
|---|---|---|---|
| 001 | BR9901507 | ||
| 003 | BR-BrBNA | ||
| 005 | 20231205101328.0 | ||
| 007 | ta | ||
| 008 | 230509b bl.|||p| |||| 00| 00por d | ||
| 040 |
_aBR-BrBNA _bpor _cBiblioteca Nacional de Agricultura |
||
| 041 | _a(Pt) | ||
| 072 | _aL73 | ||
| 100 | 1 | _aCarvalho, L.A.F. | |
| 100 | 1 | _aBianchin, I. | |
| 100 | 1 | _aBridi, A.A. | |
| 100 | 1 | _aMaciel, A.E.B. | |
| 100 | 1 | _aSantos, A.C.M. | |
| 100 | 1 | _aMalacco, M.A.F. | |
| 100 | 1 | _aCruz, J.B. | |
| 100 | 1 | _aBarrick, R.A. | |
| 100 | 1 | _aCox, J. | |
| 245 | 1 | _aControle antiparasitario em gado de corte com endectocida de acao prolongada, em comparacao com produto convencional | |
| 650 | _aGado de Corte | ||
| 650 | _aNematoide | ||
| 650 | _aLarva | ||
| 650 | _aControle Quimico | ||
| 773 | 0 |
_tHora Veterinaria (Brazil) _xISSN 0101-9163 _g(Nov-Dec 1998), v. 18(106) p. 53-58 _wBR9901507 |
|
| 909 |
_a202311 _bLúcia _c55 _dLúcia Elande |
||
| 942 |
_2AGRIS _n0 _cANA |
||
| 999 |
_c161165 _d161165 |
||